<?xml version="1.0" encoding="UTF-8"?><?xml-stylesheet type="text/xsl" href="static/style.xsl"?><OAI-PMH xmlns="http://www.openarchives.org/OAI/2.0/" xmlns:xsi="http://www.w3.org/2001/XMLSchema-instance" xsi:schemaLocation="http://www.openarchives.org/OAI/2.0/ http://www.openarchives.org/OAI/2.0/OAI-PMH.xsd"><responseDate>2026-04-13T07:24:23Z</responseDate><request verb="GetRecord" identifier="oai:www.recercat.cat:2117/172241" metadataPrefix="marc">https://recercat.cat/oai/request</request><GetRecord><record><header><identifier>oai:recercat.cat:2117/172241</identifier><datestamp>2026-03-16T05:03:11Z</datestamp><setSpec>com_2072_1033</setSpec><setSpec>col_2072_452951</setSpec></header><metadata><record xmlns="http://www.loc.gov/MARC21/slim" xmlns:dcterms="http://purl.org/dc/terms/" xmlns:xsi="http://www.w3.org/2001/XMLSchema-instance" xmlns:doc="http://www.lyncode.com/xoai" xsi:schemaLocation="http://www.loc.gov/MARC21/slim http://www.loc.gov/standards/marcxml/schema/MARC21slim.xsd">
   <leader>00925njm 22002777a 4500</leader>
   <datafield ind2=" " ind1=" " tag="042">
      <subfield code="a">dc</subfield>
   </datafield>
   <datafield ind2=" " ind1=" " tag="720">
      <subfield code="a">Marimon Rollant, Eloi</subfield>
      <subfield code="e">author</subfield>
   </datafield>
   <datafield ind2=" " ind1=" " tag="260">
      <subfield code="c">2019-07-01</subfield>
   </datafield>
   <datafield ind2=" " ind1=" " tag="520">
      <subfield code="a">Any rere any, la contaminació es va fent més evident arreu del món. La prova més evident, el canvi climàtic, i un dels pitjors culpables, els combustibles fòssils. Moguts per frenar aquest procés, cada dia es troben noves fonts i alternatives sostenibles per a tots els seus usos. En l’àmbit de la mobilitat, la revolució es troba avui en dia en els motors elèctrics, capaços de substituir els motors de combustió interna de manera més eficient. L’objectiu d’aquest projecte és treballar amb una motocicleta real, i trobar un motor equivalent més net i lleuger. Posteriorment, s’estudia un dels molts aspectes que entren en joc a l’hora de transformar la motocicleta en un vehicle elèctric, la bancada. Tot dins un entorn virtual, es col·loca el nou motor dins el xassís per preveure la millor manera de fixar-lo. A través d’un petit procés de disseny, es crea un suport capaç de mantenir el motor en posició i funcionament correcte. A través d’un anàlisis teòric de les forces que ha d’aguantar i les tensions que es generen a la peça, és troba el seu punt crític a la base. De la mateixa manera, es realitza un anàlisis de fatiga del suport, per assegurar la robustesa a llarg termini. Per últim, es confirma que el suport seguirà el comportament previst a través d’una simulació amb el mètode dels elements finits. Aquesta simulació mostra una tensió una mica més elevada de la esperada, però amb un comportament previst inicialment. En vistes d’aquest resultat, el dimensionament inicial és acceptable. No obstant, s’observen altres punts dèbils que requereixen d’estudi per a la conversió real d’aquest vehicle.</subfield>
   </datafield>
   <datafield tag="653" ind2=" " ind1=" ">
      <subfield code="a">Àrees temàtiques de la UPC::Enginyeria mecànica::Motors::Motors de combustió interna</subfield>
   </datafield>
   <datafield tag="653" ind2=" " ind1=" ">
      <subfield code="a">Àrees temàtiques de la UPC::Enginyeria mecànica::Motors::Motors elèctrics</subfield>
   </datafield>
   <datafield tag="653" ind2=" " ind1=" ">
      <subfield code="a">Motorcycles -- Motors</subfield>
   </datafield>
   <datafield tag="653" ind2=" " ind1=" ">
      <subfield code="a">Electric motors</subfield>
   </datafield>
   <datafield tag="653" ind2=" " ind1=" ">
      <subfield code="a">Mecànica</subfield>
   </datafield>
   <datafield tag="653" ind2=" " ind1=" ">
      <subfield code="a">Motocicleta</subfield>
   </datafield>
   <datafield tag="653" ind2=" " ind1=" ">
      <subfield code="a">Motor elèctric</subfield>
   </datafield>
   <datafield tag="653" ind2=" " ind1=" ">
      <subfield code="a">Sostenibilitat</subfield>
   </datafield>
   <datafield tag="653" ind2=" " ind1=" ">
      <subfield code="a">Anàlisi de tensions</subfield>
   </datafield>
   <datafield tag="653" ind2=" " ind1=" ">
      <subfield code="a">CAD</subfield>
   </datafield>
   <datafield tag="653" ind2=" " ind1=" ">
      <subfield code="a">Simulació</subfield>
   </datafield>
   <datafield tag="653" ind2=" " ind1=" ">
      <subfield code="a">Motocicletes -- Motors elèctrics</subfield>
   </datafield>
   <datafield ind2="0" ind1="0" tag="245">
      <subfield code="a">Reemplaçament del motor de combustió per un motor elèctric d'una motocicleta</subfield>
   </datafield>
</record></metadata></record></GetRecord></OAI-PMH>